Gerardo Valencia Cano : (Registro nro. 64124)
[ vista simple ]
| 000 -LÍDER | |
|---|---|
| Campo fijo de descripción fija | 01647nas a2200277 4500 |
| 001 - NÚMERO DE CONTROL | |
| Campo de control | 768714001 |
| 003 - IDENTIFICADOR DEL NÚMERO DE CONTROL | |
| Campo de control | CO-MdFUSB |
| 005 - FECHA Y HORA DE LA ULTIMA TRANSACCIÓN | |
| control field | 20190202100438.0 |
| 008 - ELEMENTOS DE LONGITUD FIJA -- INFORMACIÓN GENERAL | |
| Campo fijo de descripción fija -- Información general | 171116s2017 ck ||||| |||| 00| 0 spa d |
| 022 ## - NÚMERO INTERNACIONAL NORMALIZADO PARA PUBLICACIONES SERIADAS | |
| Número Internacional Normalizado para Publicaciones Seriadas | 0120-3649 |
| 040 ## - FUENTE DE CATALOGACIÓN | |
| Agencia Catalogadora | CO-MdFUSB |
| Idioma de catalogación | spa |
| Agencia que realiza la transcripción | CO-MdFUSB |
| Agencia que realiza la modificación | CO-MdFUSB |
| 041 ## - CÓDIGO DE IDIOMA | |
| Código de idioma para texto/pista de sonido o título separado | spa |
| 100 ## - ASIENTO PRINCIPAL--NOMBRE PERSONAL | |
| Nombre personal | Echeverry P., Antonio José |
| Término relacionador | autor |
| 245 10 - TÍTULO | |
| Título | Gerardo Valencia Cano : |
| Subtitulo | obispo de los pobres |
| Mención de responsabilidad | / Antonio José Echeverry P. y David Mauricio Benal Argote |
| 300 ## - DESCRIPCIÓN FÍSICA | |
| Extensión | Volumen 67. Número 184 (2017), páginas 361-385 |
| Dimensiones | : 24 cm. |
| 520 1# - NOTA DE RESUMEN, ETC. | |
| Nota de sumario, etc. | La vida y obra de Gerardo Valencia Cano es bien reconocida en los lugares donde su figura delgada se hizo presente, es decir, Yarumal, Mitú y Buenaventura. A pesar de que su obra pastoral y misional fue prolífica en estas comunidades, son pocos los textos que exploran de manera profunda y reflexiva sus proyectos, así como su trabajo intelectual, literario, teológico y eclesial. Sin embargo, nuevas aproximaciones, diferentes perspectivas y un trabajo documental serio permiten<br/>evidenciar que la figura de monseñor Valencia Cano ofrece una multiplicidad de acercamientos y que su vida agitada como miembro de la Iglesia Católica del siglo XX supone intersticios todavía vírgenes para las ciencias sociales. |
| 650 #7 - ASIENTO SECUNDARIO DE MATERIA - TERMINO TEMÁTICO | |
| Término temático o nombre geográfico como elemento de entrada | Misioneros |
| 9 (RLIN) | 931 |
| 653 ## - TÉRMINO DE INDIZACIÓN - NO CONTROLADO | |
| Término no controlado | Espiritualidad |
| 653 ## - TÉRMINO DE INDIZACIÓN - NO CONTROLADO | |
| Término no controlado | Misiones |
| 653 ## - TÉRMINO DE INDIZACIÓN - NO CONTROLADO | |
| Término no controlado | Episcopado Colombiano |
| 653 ## - TÉRMINO DE INDIZACIÓN - NO CONTROLADO | |
| Término no controlado | Teología de la liberación |
| 653 ## - TÉRMINO DE INDIZACIÓN - NO CONTROLADO | |
| Término no controlado | Golconda |
| 700 ## - ENTR. SECUNDARIA - Nombre Personal (R) | |
| Nombre de persona | Bernal Argote, David Mauricio |
| Término indicativo de función | autor |
| 773 ## - ASIENTO DE ITEM FUENTE | |
| Biblionumber | 49424 |
| Itemnumber | 76244 |
| Parte(s) relacionada(s) / Volumen., número. (mes año), páginas | Volumen 67. Número 184 (2017), páginas 361-385 |
| Enumeración y primera página | Página 361 |
| Título | Theologica Xaveriana |
| 942 ## - TIPO DE MATERIAL (KOHA) | |
| Tipo de Item KOHA | Artículos de Revista |
| Expurgo - (Retirado) | Estado de Perdido | Estado de Dañado | No prestable | Ubicación habitual | Ubicación actual | Ubicación en Estantería | Fecha de Adquisición | Tipo de Material |
|---|---|---|---|---|---|---|---|---|
| Biblioteca FUSBC | Biblioteca FUSBC | Hemeroteca | 16/11/2017 | Artículos de Revista |
